000 00273nam a2200109Ia 4500
008 200302s9999 xx 000 0 und d
100 _aY. S. Sane
245 _aPlanning and Designing Buildings
260 _bEngineering Book Publishing Co.
260 _c1959
300 _a244 P.,
999 _c993
_d993